| 000 | 00548cam a2200241ua 4500 | ||
|---|---|---|---|
| 020 | _c4.50 | ||
| 041 |
_aeng _h |
||
| 082 |
_a510.1 _bMOO/BA |
||
| 100 | _aMoothedan , T . | ||
| 245 | 0 | 0 |
_aBasic mathematics / _cT Moothedan. _hTextual Documents |
| 250 |
_a1 / _b. |
||
| 260 |
_aCalicut : _bUniversity books. |
||
| 300 | _a101 ; . | ||
| 365 | _a4.50 | ||
| 504 | _a | ||
| 942 | _cBK | ||
| 999 |
_c9884 _d9884 |
||